Lietuvos metrika
| Titel: | Lietuvos metrika = Lithuanian metrica = Litovskaja metrika / Lietuvos Istorijos Institutas |
|---|---|
| Teil: |
567
Surašymu̧ knyga 10. (1567-1571) |
| Körperschaft: | |
| Veröffentlicht: | Vilnius : Mokslo ir Enciklopediju̜ leidykla, 2006 |
| Umfang: | 69 S. |
| Format: | Buch |
| Sprache: | Russisch |
| Schriftenreihe/ mehrbändiges Werk: |
Lietuvos metrika / Lietuvos Istorijos Institutas ; 567 : Surašymu̧ knyga ; 10 alle Bände anzeigen
|
| ISBN: | 995569923X |
| Hinweise zum Inhalt: |
Inhaltsverzeichnis
|
alg: 18845154 001A $03004:04-07-07 001B $01999:03-06-23 $t02:14:17.000 001C $03004:22-09-11 $t12:21:12.000 001D $03004:04-07-07 001U $0utf8 001X $00 002@ $0Afu 003@ $0188451544 003O $0611982763 $aOCoLC 004A $09955-699-23-X 007A $0188451544 $aHEB 007G $0DE02079E4457B2E622B79C1257B9E0046DF4A 009P $qapplication/pdf $A2 $3Inhaltsverzeichnis $uhttp://scans.hebis.de/HEBCGI/show.pl?18845154_toc.pdf $mV:DE-603;B:DE-Mb50 010@ $arus 011@ $a2006 021A $a(1567-1571) 029F $RInstitut istorii $RLietuvos Mokslu̜ Akademija $#Institutum Historicum Lituanum $#Istorijos Institutas Vilnius $#Lietuvos Mokslu̜ Akademija, Lietuvos Istorijos Institutas $#Lietuvos Mokslu̜ Akademija, Istorijos Institutas $#Lietuviu̜ Istorijos Institutas $#Lietuvos Mokslu̜ Akademija, Lietuviu̜ Istorijos Institutas $#Institute of Lithuanian History Vilnius $#Lietuvos Mokslu̜ Akademija, Institute of Lithuanian History $#Institut Istorii Litvy $#Lietuvos Mokslu̜ Akademija, Institut Istorii Litvy $#Lithuanian Institute of History Vilnius $#LLI $#Институт истории Литвы $73015195-8 $8Lietuvos Istorijos Institutas [Tb1] $9044065353 033A $pVilnius $nMokslo ir Enciklopediju̜ leidykla 034D $a69 S. 036C $aLietuvos metrika $fLithuanian metrica $fLitovskaja metrika $x3567 $hLietuvos Istorijos Institutas $l567 036C/01 $aSurašymu̧ knyga $l10 036D $x3567 $8Lietuvos metrika / Lietuvos Istorijos Institutas $9032171773 045F $a900.947930903 $eDDC23BSB 045F/01 $a900 045F/03 $f0903 045F/03 $f09041 045F/03 $g4793 045G $a340.09 $eDDC23BSB 045G/01 $a340.09 045G/03 $f0903 045G/03 $f09041 045G/03 $g4793 046L $aIn kyrill. Schr., russ. lok: 18845154 24 101B $004-07-07 $t15:14:15.000 101C $004-07-07 101U $0utf8 145Z/01 $a45 5 E 145Z/02 $a45 12 F exp: 18845154 24 1 #EPN 201B/01 $004-07-07 $t15:14:15.000 201C/01 $004-07-07 201U/01 $0utf8 203@/01 $0506109216 208@/01 $a04-07-07 $bz 209A/01 $a07.3359 $du $f050 $h07 3359 $x00 209C/01 $a07.3359 K $h07 3359 K 209G/01 $a71868346 $x00 220C/01 $amar 247C/01 $8358050-7Marburg, Bibliothek des Herder-Instituts Marburg $9102600961 lok: 18845154 78 exp: 18845154 78 1 #EPN 201B/01 $005-03-24 $t11:32:23.000 201C/01 $005-03-24 201U/01 $0utf8 203@/01 $01257184628 208@/01 $a05-03-24 $be 209A/01 $a/ $f000 $x00 209A/01 $ab*p $x01 220C/01 $apgar 244Z/01 $#Litauen $#Litauen $#Lithuania $#Lietuvos Respublika $#République Lithuanienne $#Lithuanie $#Litva 1918 - 1940, 1991, 9 - $#Litovskaja Respublika $#Lithuania 1918 - 1940, 1991, 9 - $#Republik Litauen $#Republic of Lithuania $#Lithuanian Republic $#Litauische Republik $#Lietuva $74074266-0 $8--Tg1--Litauen $x10 $9085209074 247C/01 $82080>Marburg/Lahn, Herder-Institut, Forschungsbibliothek, Bibliographieportal $9336309341
| LEADER | 00000cam a2200000 cc4500 | ||
|---|---|---|---|
| 001 | 188451544 | ||
| 003 | DE-603 | ||
| 005 | 20230603021417.0 | ||
| 007 | tu | ||
| 008 | 070704s2006 xx |||| | u00||u|rus c | ||
| 020 | |a 995569923X | ||
| 035 | |a (DE-599)HEB188451544 | ||
| 035 | |a (OCoLC)611982763 | ||
| 040 | |a DE-603 |b ger |c DE-603 |d DE-603 | ||
| 041 | |a rus | ||
| 082 | 0 | 4 | |8 1\u |a 900.947930903 |q DE-101 |2 23/BSB |
| 083 | 0 | |8 2\u |a 340.09 |q DE-101 |2 23/BSB | |
| 085 | |8 1\u |b 900 | ||
| 085 | |8 1\u |z 1 |s 0903 | ||
| 085 | |8 1\u |z 1 |s 09041 | ||
| 085 | |8 1\u |z 2 |s 4793 | ||
| 085 | |8 2\u |b 340.09 | ||
| 085 | |8 2\u |z 1 |s 0903 | ||
| 085 | |8 2\u |z 1 |s 09041 | ||
| 085 | |8 2\u |z 2 |s 4793 | ||
| 245 | 0 | 0 | |a Lietuvos metrika |b = Lithuanian metrica = Litovskaja metrika |n 567 |n [...] |p Surašymu̧ knyga |n 10 |p (1567-1571) |c Lietuvos Istorijos Institutas |
| 264 | 1 | |a Vilnius |b Mokslo ir Enciklopediju̜ leidykla |c 2006 | |
| 300 | |a 69 S. | ||
| 546 | |a In kyrill. Schr., russ. | ||
| 710 | 2 | |a Lietuvos Istorijos Institutas |0 (DE-603)044065353 |0 (DE-588)3015195-8 |2 gnd | |
| 773 | 0 | 8 | |q 3567 |w (DE-603)032171773 |
| 856 | 4 | 2 | |m V:DE-603;B:DE-Mb50 |q application/pdf |u http://scans.hebis.de/HEBCGI/show.pl?18845154_toc.pdf |3 Inhaltsverzeichnis |
| 924 | 0 | |9 Mb 50 |a (DE-603)506109216 |b DE-Mb50 |c HES |d c |g 07.3359 | |
| 924 | 0 | |9 2080 |a (DE-603)1257184628 |b DE-2080 |c HES |d d |g / | |
alle Bände anzeigen

